000 00823nam a2200253Ia 4500
003 OSt
005 20220930194818.0
006 a|||||r|||| 00| 0
007 ta
008 220926b |||||||| |||| 00| 0 eng d
024 _a13243
037 _cDissertations
040 _aCRL
_cCRL
_beng
041 _2eng
_aeng
100 _aVidhya S
_9563612
110 _aUniversity of Delhi. Faculty of Medical Sciences. Department of Obstetrics and Gynaecology
245 0 _aEvaluation of luteal phase in infertility
260 _c1992
650 _aWOMEN - DISEASES
700 _a Dr Neelam B Vaid Supervisor
_9527911
700 _aUniversity of Delhi. Faculty of Medical Sciences. Department of Obstetrics and Gynaecology
942 _cDIS
_2CC
999 _c898173
_d898173